Quizzes
Events
Quiz Creation
Community
Videos
Private Events
Remove Ads
Sign In
Join for FREE
Feedback
Dark Mode
Quiz Categories
Sports
Geography
Music
Movies
Television
Just For Fun
Miscellaneous
History
Literature
Language
Science
Gaming
Entertainment
Religion
Holiday
For Kids
Quiz Lab
Recent
Popular Today
Quiz Kudos Today
Editor Picks
Curator Picks
Quizzes by...
Day
Popularity
Type
Ratings
Length
Year
Community
Subscriptions
Recent Discussions
Orange Saloon
Badges
Playlists
Quests
Create
Leaderboards
Showdown
Live 5
Trivia Bingo
Activity
Puzzle Library
Sporcle Events
Private Events
Virtual Trivia
Globe League
Become a Host
Pub Owners
SporcleCon
Opinionation
Our Games
Videos
Blog
Mobile Apps
Partnerships
Remove Ads and Go Orange
Feedback
Gaming
Video Games
Board Games
Card Games
Pokémon
Mario
Nintendo
Minecraft
Console
Toys
Legend of Zelda
Gaming
Video Games
Board Games
Card Games
Pokémon
Mario
Nintendo
Minecraft
Console
Toys
Legend of Zelda
Random Quiz
Search Sporcle
×
Quiz Lab
Quiz Lab
Gaming
Console
Type in answers that appear in a list
Type in answers that appear in a list
Classic
Best Score? Go Orange.
Every Sonic Game Stats
Can you name the Every Sonic Game?
By
Sonicgamer145
20m
52 Questions
133 Plays
133 Plays
133 Plays
Comments
Comments
Give Quiz Kudos
Give Quiz Kudos
-
- Ratings
hide this ad
More Info
Random Order
Randomize order of answers
Randomize order of answers
Replay
Link that replays current quiz
Next Quiz
Link to next quiz in quiz playlist
You Got
0%
They Got
Avg Score
51%
Avg Friend Score
Upgrade to see
Score Distribution
Jump to the score distribution portion of the page
Score
0/52
Timer
20:00
0
Plays Today
Console
Game
% Correct
Sega Genesis
Sonic the Hedgehog
92.5%
Sega Game Gear
Sonic the Hedgehog
92.5%
Sega Genesis
Sonic the Hedgehog 2
82.7%
Sega Game Gear
Sonic the Hedgehog 2
82.7%
Sega Saturn
Sonic R
82%
Sega Genesis
Sonic the Hedgehog 3
81.2%
Sega Dreamcast, Nintendo Gamecube, PC, Xbox Live Arcade, Playstation Network
Sonic Adventure
78.2%
Sega Dreamcast, Nintendo Gamecube
Sonic Adventure 2
75.9%
Nintendo DS, Nintendo Wii
Sonic Colors
75.9%
Nintendo DS
Sonic Rush
69.2%
Game Boy Advance
Sonic Advance
69.2%
Playstation 3, Xbox 360, Nintendo 3DS, PC
Sonic Generations
68.4%
Nintendo Wii, Playstation 2, Xbox 360, Playstation 3
Sonic Unleashed
67.7%
Game Boy Advance
Sonic Advance 2
66.2%
Game Boy Advance
Sonic Advance 3
63.9%
Nintendo Gamecube, Playstation 2, Xbox, PC
Sonic Heroes
63.2%
Nintendo Wii
Sonic and The Black Knight
60.9%
Nintendo Wii
Sonic and the Secret Rings
60.2%
Sega CD
Sonic the Hedgehog CD
59.4%
Nintendo Gamecube, Playstation 2, Xbox
Shadow the Hedgehog
58.6%
Nintendo DS
Sonic Rush Adventure
57.1%
Sega 32X
Knuckles Chaotix
55.6%
Sega Genesis
Sonic 3D Blast
54.1%
Sega Genesis, Sega Game Gear
Sonic Spinball
54.1%
Sega Game Gear
Sonic Blast
48.9%
Sega Game Gear
Sonic Drift
48.1%
Console
Game
% Correct
Playstation Network, Xbox Live Arcade, WiiWare
Sonic the Hedgehog 4: Episode 1
46.6%
Xbox Live Arcade, Playstation Network, PC
Sonic the Hedgehog 4: Episode 2
45.9%
Sega Game Gear
Sonic Drift 2
45.1%
Playstation Portable
Sonic Rivals
44.7%
Arcade
Sonic the Fighters
44.4%
Playstation Portable
Sonic Rivals 2
43.9%
Sega Game Gear
Sonic Triple Trouble
43.6%
Sega Game Gear
Sonic Chaos
42.9%
Game Boy Advance
Sonic Battle
42.9%
Sega Dreamcast
Sonic Shuffle
42.1%
Arcade
SegaSonic the Hedgehog
39.1%
Sega Game Gear
Sonic Labyrinth
36.8%
Sega Game Gear
Tails Skypatrol
36.1%
Sega Genesis
Sonic & Knuckles
34.6%
Nintendo Gamecube, Playstation 2, Xbox, PC
Sonic Mega Collection
33.8%
Nintendo DS, Nintendo Wii
Mario and Sonic at the Olympic Games
33.8%
Nintendo DS
Sonic Chronicles: The Dark Brotherhood
33.1%
Sega Genesis, Sega Game Gear
Dr. Robotnik's Mean Bean Machine
31.6%
Game Boy Advance
Sonic Pinball Party
31.6%
Nintendo Gamecube
Sonic Gems Collection
28.6%
Nintendo DS, Nintendo Wii
Mario and Sonic at the Olympic Winter Games
27.1%
Nintendo 3DS, Nintendo Wii
Mario and Sonic at the London 2012 Olympic Games
22.6%
Sega Game Gear
Tails Adventures
21.8%
Xbox 360, Playstation 3
Sonic the Hedgehog (2006)
18.8%
Nintendo Wii, Nintendo DS, Playstation 3, Xbox 360
Sonic & Sega All Stars Racing
18.8%
Playstation 2
Sega Super Stars
17.3%
Quiz Playlist
Details
Report
Send in Message
Add To Playlist
More Info:
Can you name the all of the games from the Sonic franchise?
Classic:
Type in answers that appear in a list
Random Order:
Randomize order of answers
Last Updated: Feb 16, 2017
Quiz Scoreboard
CHALLENGE
Sign Up to Join the Scoreboard
Show All
Scores
Hide
Comments
May contain spoilers
Recently Published
Presidents Visiting Landmarks
by Hejman
History
7m
An Introduction to Baseball
by treessimontrees
Sports
5m
Movies - When Are They Set?
by FPL_Elf
Movies
5m
More to Explore
Quiz From the Vault
Featured Blog Post
Where Did the Easter Bunny Come From?
hide this ad
You Might Also Like...
Tags
Console Quiz
sonic
Today's Top Quizzes in Gaming
Browse Gaming
hide this ad
Today's Top Quizzes in Console
Browse Console
Top Contributed Quizzes in Gaming
1
5-to-1: Consoles
2
7-to-1: Board Game Piece Blitz
3
5-to-1: Legend of Zelda
4
Destiny 2 exotic weapons by perk icons
5
Ultimate Genshin Impact Logic Puzzle (up to 4.3)
6
Franchise by Action Figure
7
Overwatch Logic Puzzle
8
Who's on the WWE 2K24 Cover?
9
Genshin Impact Logic Puzzle Quiz
10
Windmill: Pokémon
Explore More
Trending Topics
Harry Potter
Marvel
Kpop
Crossword
Disney
NBA
Anime
WWE
Pokémon
Puzzle
NFL
Song
Country
The Office
Soccer
hide this ad
More By:
Sonicgamer145
Quiz
Plays
Rating
Category
Featured
Created
Every Sonic Game
133
2.00
Gaming
Jun 5, 2012
Go to Creator's Profile
Score Distribution
Quiz Creator Spotlight
Sonicgamer145
Follow
Send a Message
Quizzes Created
-
Created Quiz Play Count
-
More By This Creator
Popular Quizzes Today
1
Find the US States - No Outlines Minefield
2
Find the Countries of Europe - No Outlines Minefield
3
The Countries of the World
4
Find the US States
5
Popular People in 1961
6
US States
7
Risky Map Clicking: Biggest States A-Z
8
Movies - When Are They Set?
More Gaming Quizzes
Dragon Ball Z: The Legend (1996) Characters
Quiz Lab
Trending Quizzes
Risky Map Clicking: Least Populous States A-Z
1-10 Letter G Words
1-10 Letter F Words
Risky Map Clicking: Next State Alphabetically
Risky Map Clicking: Biggest States A-Z
Recently Updated
Leaping Animals
pecheneg
Reality TV Shows (A-Z)
bhenderson79
Rickey Henderson's Hall of Fame Teammates
pecheneg
Champions League XIs: Arsenal
pecheneg
Quick Pick: Celebrities in WWE's Hall of Fame
aduchscher
A-Z Keypad Blitz II
pecheneg
Multiple Oscar Actors
pecheneg
Mystery Phrase Blitz: Oscar 'Best Actors'
pecheneg
F. Scott Fitzgerald Novels
LTH
Pick 3 Villains
ddd62291
Trending Topics
Marvel
Harry Potter
Disney
Anime
Kpop
Crossword
NBA
Soccer
Song
Pokémon
The Office
WWE
NFL
Country
Puzzle
Your Account Isn't Verified!
In order to create a playlist on Sporcle, you need to verify the email address you used during registration. Go to your
Sporcle Settings
to finish the process.
Report this User
Report this user for behavior that violates our
Community Guidelines
.
Details:
Send Report
Go to the Sporcle.com Mobile Site →
Comments